|
|
|
|
| LEADER |
00000naa2a2200000 4500 |
| 001 |
216140 |
| 005 |
20240823063159.0 |
| 035 |
|
|
|a (RuTPU)RU\TPU\book\236101
|
| 090 |
|
|
|a 216140
|
| 100 |
|
|
|a 20120522d1985 k y0rusy50 ca
|
| 101 |
0 |
|
|a rus
|
| 102 |
|
|
|a RU
|
| 200 |
1 |
|
|a Зональность околорудных метасоматитов и возможность ее использования при поисках скрытого оруденения
|f В. И. Чернов [и др.]
|
| 320 |
|
|
|a Библиогр.: 17 назв.
|
| 463 |
|
1 |
|0 (RuTPU)RU\TPU\book\235978
|t Вопросы прогнозирования и оценки месторождений вольфрама, олова и редких элементов
|o сборник научных трудов
|f Казахский научно-исследовательский институт минерального сырья ; отв. ред. Е. П. Пушко
|v С. 27-37
|d 1985
|p 131 с.
|
| 610 |
1 |
|
|a труды учёных ТПУ
|
| 701 |
|
1 |
|a Чернов
|b В. И.
|
| 701 |
|
1 |
|a Кайзер
|b С. А.
|
| 701 |
|
1 |
|a Иванчук
|b А. В.
|
| 701 |
|
1 |
|a Левенко
|b А. К.
|
| 701 |
|
1 |
|a Мазуров
|b А. К.
|c горный инженер геолог
|c профессор-консультант Томского политехнического университета, доктор геолого-минералогических наук
|f 1951-
|g Алексей Карпович
|x TPU
|y Томск
|3 (RuTPU)RU\TPU\pers\26068
|9 11906
|
| 701 |
|
1 |
|a Карандышев
|b В. С.
|
| 801 |
|
1 |
|a RU
|b 63413507
|c 20120522
|
| 801 |
|
2 |
|a RU
|b 63413507
|c 20120522
|g RCR
|
| 942 |
|
|
|c BK
|